Music Quiz

Random Music Quiz

Top Ten Countdown! 1962 Quiz Stats

 Plays Quiz not verified by Sporcle

Also try: Lead Singers II
Challenge
Share
Tweet
Embed
Score 0/10 Timer 03:00
0 Plays Today
% Correct
The Twist
90.8%
The Loco-Motion
86.2%
Johnny Angel
80%
I Can't Stop Loving You
76.9%
Roses Are Red (My Love)
75.4%
Soldier Boy
67.7%
Stranger on the Shore
61.5%
Mashed Potato Time
58.5%
The Stripper
33.8%
Let Me In
27.7%

You're not logged in!

Compare scores with friends on all Sporcle quizzes.
Join for Free
OR
Log In

You Might Also Like...

Show Comments

Extras

Top Quizzes Today


Score Distribution

Your Account Isn't Verified!

In order to create a playlist on Sporcle, you need to verify the email address you used during registration. Go to your Sporcle Settings to finish the process.

Report this User

Report this user for behavior that violates our Community Guidelines.

Details: